Online
Catalog

Trilogía : (Record no. 42022)

MARC details
000 -CABECERA
campo de control de longitud fija 00903nam a2200229 a 4500
001 - NÚMERO DE CONTROL
campo de control 000042533
005 - FECHA Y HORA DE LA ÚLTIMA TRANSACCIÓN
campo de control 20201002040222.0
008 - DATOS DE LONGITUD FIJA--INFORMACIÓN GENERAL
campo de control de longitud fija 131211s1966 ag 000 0 spa d
040 ## - FUENTE DE LA CATALOGACIÓN
Centro catalogador/agencia de origen DO-SdBNP
Lengua de catalogación spa
Centro/agencia transcriptor BNPHU
100 1# - ENTRADA PRINCIPAL--NOMBRE DE PERSONA
Nombre de persona Wesker, Arnold
9 (RLIN) 69752
240 10 - TÍTULO UNIFORME
Título uniforme The Wesker trilogy: chicken soup with barley. Roots. I´m talking about Jerusalem
245 10 - MENCIÓN DE TÍTULO
Título Trilogía :
Resto del título Sopa de pollo con cebada. Raíces. Hablo de Jerusalem /
Mención de responsabilidad, etc. Arnold Wesker; traducción, Elsa Stagnaro, Alejandra Boero, Jorge Hacker, Marcos Silber, Jaime Rest.
260 ## - PUBLICACIÓN, DISTRIBUCIÓN, ETC.
Lugar de publicación, distribución, etc. Buenos Aires, :
Nombre del editor, distribuidor, etc. Nueva visión,
Fecha de publicación, distribución, etc. 1966.
300 ## - DESCRIPCIÓN FÍSICA
Extensión 206 p. ;
Dimensiones 20 cm.
490 1# - MENCIÓN DE SERIE
Mención de serie Teatro Universal
700 1# - PUNTO DE ACCESO ADICIONAL--NOMBRE DE PERSONA
Nombre de persona Stagnaro, Elsa
Término indicativo de función/relación trad.
9 (RLIN) 69753
700 1# - PUNTO DE ACCESO ADICIONAL--NOMBRE DE PERSONA
Nombre de persona Boero, Alejandra
Término indicativo de función/relación trad.
9 (RLIN) 69754
700 1# - PUNTO DE ACCESO ADICIONAL--NOMBRE DE PERSONA
Nombre de persona Hacker, Jorge
Término indicativo de función/relación trad.
9 (RLIN) 69755
700 1# - PUNTO DE ACCESO ADICIONAL--NOMBRE DE PERSONA
Nombre de persona Silber, Marcos
Término indicativo de función/relación trad.
9 (RLIN) 69756
700 1# - PUNTO DE ACCESO ADICIONAL--NOMBRE DE PERSONA
Nombre de persona Rest, Jaime
Término indicativo de función/relación trad.
9 (RLIN) 34106
830 #0 - PUNTO DE ACCESO ADICIONAL DE SERIE-TÍTULO UNIFORME
Título uniforme Teatro Universal
9 (RLIN) 40300
Holdings
Estado de retiro Estado de pérdida Restricciones de uso No para préstamo Código de colección Localización permanente Ubicación/localización actual Ubicación en estantería Fecha de adquisición Número de inventario Total de préstamos Signatura topográfica completa Código de barras Fecha visto por última vez Precio válido a partir de Tipo de ítem Koha
      Excluido de préstamo Monografías: Libros y Folletos General General En catalogación 11.12.2013 LF1   42533-10 25.06.2020 25.06.2020 No se presta

Powered by Koha